Ley de Contratación Administrativa y su Reglamento (Registro nro. 7556)

Detalles MARC
000 -Cabecera
Campo de control de longitud fija 00696aam a2200265 4500
005 - Fecha y hora de la última transacción
Campo de control 20250919192111.0
008 - Elementos de longitud fija--Información general
Campo de control de longitud fija 150227b2015 xxu||||| |||| 00| 0 ES d
041 ## - Idioma
Código de idioma Español
082 ## - Clasificación Decimal Dewey
Número de clasificación 351.711 C8374L16
100 ## - Entrada principal--Autor personal
Nombre personal Costa Rica. Leyes, decretos, etc.
245 ## - Título propiamente dicho
Título Ley de Contratación Administrativa y su Reglamento
250 ## - Edición
Mención de edición 16 edición
260 ## - Pie de imprenta
Nombre del editor, distribuidor, etc. Publicaciones Jurídicas
260 ## - Pie de imprenta
Lugar de publicación, distribución, etc. Costa Rica
260 ## - Pie de imprenta
Fecha de publicación, distribución, etc. 2015
300 ## - Descripción física
Extensión 114 páginas
490 ## - Serie
Título de la Serie Temática General
650 ## - Materia general
Temática (materia general) COSTA RICA
650 ## - Materia general
Temática (materia general) CONTRATACIÓN ADMINISTRATIVA
650 ## - Materia general
Temática (materia general) CONTRATOS
650 ## - Materia general
Temática (materia general) DERECHO ADMINISTRATIVO
650 ## - Materia general
Temática (materia general) LEGISLACIÓN
942 ## - Punto de acceso adicional KOHA
Tipo de ítem KOHA Libro
Fuente del sistema de clasificación o colocación Dewey Decimal Classification
Existencias
Signatura completa Código de barras Programa Académico Tipo de ítem
351.711 C8374L16 20182 Temática General Libro